000 00732nam a2200205 i 4500
001 80609
003 ES-MaACL
005 20260318063014.0
007 t|
008 041028s1982 sp ||||1| spa d
100 1 _aHoffmann, Ernst T. A.
_d1776-1822
_9242917
245 1 4 _aLos autómatas /
_cE.T.A. Hoffmann ; prólogo y traducción de Carmen Bravo-Villasante.
260 _aBarcelona :
_b[José J. de Olañeta],
_c1982.
300 _a71 p. :
_bil. ;
_c22 cm.
490 1 _aPequeña biblioteca calamvs scriptorivs ;
_v55
700 1 _aBravo-Villasante, Carmen,
_d1918-1994
_931507
830 0 _aPequeña biblioteca calamvs scriptorivs ;
_v55
_9182965
852 _aES-MaACL
_jL-7130
_bR.107512
999 _c80609
_d80609